Fr. Conceicao Rodrigues College of Engineering

Pentium Processor Systems Architecture (Record no. 22044)

MARC details
000 -LEADER
fixed length control field 00325nam a2200145Ia 4500
100 ## - MAIN ENTRY--PERSONAL NAME
Personal name Anderson Don/ Shanley/Tom
250 ## - EDITION STATEMENT
Edition statement 2
245 ## - TITLE STATEMENT
Title Pentium Processor Systems Architecture
260 ## - PUBLICATION, DISTRIBUTION, ETC.
Name of publisher, distributor, etc. Microsoft Press
Place of publication, distribution, etc. Mumbai
Date of publication, distribution, etc. 1995
300 ## - PHYSICAL DESCRIPTION
Extent 433
546 ## - LANGUAGE NOTE
Language note ENGLISH
654 ## - SUBJECT ADDED ENTRY--FACETED TOPICAL TERMS
Focus term computer
942 ## - ADDED ENTRY ELEMENTS (KOHA)
Koha item type BOOK
Holdings
Withdrawn status Lost status Damaged status Not for loan Collection Home library Current library Date acquired Total Checkouts Full call number Barcode Date last seen Date last checked out Price effective from Koha item type
        CRC Fr. Agnel's C.Rodrigues College of Engineering Fr. Agnel's C.Rodrigues College of Engineering 17/03/2023 2 10273 08/04/2026 14/10/2025 17/03/2023 BOOK
        CRC Fr. Agnel's C.Rodrigues College of Engineering Fr. Agnel's C.Rodrigues College of Engineering 17/03/2023   10274 17/03/2023   17/03/2023 BOOK
        CRC Fr. Agnel's C.Rodrigues College of Engineering Fr. Agnel's C.Rodrigues College of Engineering 17/03/2023   11325 17/03/2023   17/03/2023 BOOK